header

The shaping of deduction in Greek mathematics (Record no. 158783)

MARC details
000 -LEADER
fixed length control field 01272nam a2200325 a 4500
082 04 - DEWEY DECIMAL CLASSIFICATION NUMBER
Classification number 510/.938
100 1# - MAIN ENTRY--AUTHOR NAME
Personal name Netz, Reviel.
245 14 - TITLE STATEMENT
Title The shaping of deduction in Greek mathematics
260 ## - PUBLICATION, DISTRIBUTION, ETC. (IMPRINT)
Place of publication Cambridge ;
-- New York :
Name of publisher Cambridge University Press,
Year of publication 1999.
300 ## - PHYSICAL DESCRIPTION
Number of Pages xvii, 327 p. :
Other physical details ill.
490 1# - SERIES STATEMENT
Series statement Ideas in context ;
650 #0 - SUBJECT ADDED ENTRY--TOPICAL TERM
Topical Term Mathematics, Greek.
Topical Term Logic.
856 40 - ELECTRONIC LOCATION AND ACCESS
Uniform Resource Identifier http://site.ebrary.com/lib/rucke/Doc?id=10064271

No items available.

© 2026 Rongo University
Contact us: librarian | system librarian | Rongo university